000
00272 a2200121 4500
001
63748
082
_a
823.6 CRU
090
_c
37725
_d
37725
100
_a
Robinson Crusoe
245
_a
Daniel Defoe
_h
English
260
_a
England
_b
Pelicon Books
_c
1994
300
_a
304p.
942
_a
NUST-CAE
_k
823.6 CRU
999
_c
298821
_d
298821